000
00288nam a22001337a 4500
008
181008b xxu||||| |||| 00| 0 eng d
020
_a
2900133138220
041
_a
eng
080
_a
330
100
_a
59
101
_a
BUS
245
_a
Bussiness Essentials
_c
Ebert.G
942
_2
udc
_c
BK
999
_c
49027
_d
49027